LEADER 02026oam 2200469M 450 001 9910716224503321 005 20200213070525.6 035 $a(CKB)5470000002519883 035 $a(OCoLC)1065821836 035 $a(OCoLC)995470000002519883 035 $a(EXLCZ)995470000002519883 100 $a20071213d1926 ua 0 101 0 $aeng 135 $aurcn||||||||| 181 $ctxt$2rdacontent 182 $cc$2rdamedia 183 $acr$2rdacarrier 200 10$a"Widening of First Street between G and Myrtle Streets NE., in the District of Columbia, and for Other Purposes." February 1 (calendar day, February 8), 1926. -- Ordered to be printed 210 1$a[Washington, D.C.] :$c[U.S. Government Printing Office],$d1926. 215 $a1 online resource (3 pages) 225 1 $aSenate report / 69th Congress, 1st session. Senate ;$vno. 151 225 1 $a[United States congressional serial set ] ;$v[serial no. 8524] 300 $a(67) H.R. 5018, Act To Authorize the Widening of First Street Northeast, and for Other Purposes, p. 3. 300 $aBatch processed record: Metadata reviewed, not verified. Some fields updated by batch processes. 300 $aFDLP item number not assigned. 517 $a"Widening of First Street between G and Myrtle Streets NE., in the District of Columbia, and for Other Purposes." February 1 606 $aEminent domain 606 $aRoads$xDesign and construction 606 $aStreets 608 $aLegislative materials.$2lcgft 615 0$aEminent domain. 615 0$aRoads$xDesign and construction. 615 0$aStreets. 701 $aCapper$b Arthur$f1865-1951$pRepublican (KS)$01386839 801 0$bWYU 801 1$bWYU 801 2$bOCLCO 801 2$bOCLCQ 906 $aBOOK 912 $a9910716224503321 996 $a"Widening of First Street between G and Myrtle Streets NE., in the District of Columbia, and for Other Purposes." February 1 (calendar day, February 8), 1926. -- Ordered to be printed$93439004 997 $aUNINA LEADER 03007oam 2200649I 450 001 9910786442703321 005 20230725034901.0 010 $a1-136-46229-5 010 $a0-203-12739-0 010 $a1-283-84475-3 010 $a1-136-46230-9 024 7 $a10.4324/9780203127391 035 $a(CKB)2670000000299025 035 $a(EBL)1075394 035 $a(OCoLC)821176444 035 $a(SSID)ssj0000817636 035 $a(PQKBManifestationID)11465056 035 $a(PQKBTitleCode)TC0000817636 035 $a(PQKBWorkID)10827761 035 $a(PQKB)10986766 035 $a(MiAaPQ)EBC1075394 035 $a(Au-PeEL)EBL1075394 035 $a(CaPaEBR)ebr10631021 035 $a(CaONFJC)MIL415725 035 $a(OCoLC)823738202 035 $a(OCoLC)1086490582 035 $a(FINmELB)ELB137387 035 $a(EXLCZ)992670000000299025 100 $a20180706e20111929 uy 0 101 0 $aeng 135 $aur|n|---||||| 181 $ctxt 182 $cc 183 $acr 200 14$aThe Byzantine achievement $ean historical perspective A. D. 330-1453 /$fRobert Byron 210 1$aAbingdon, Oxon ;$aNew York :$cRoutledge,$d2011. 215 $a1 online resource (368 p.) 225 1 $aRoutledge revivals 225 0$aRoutledge revivals 300 $a"First published in 1929 by George Routledge & Sons Ltd"--T.p. verso. 311 $a0-415-50596-8 311 $a0-415-80917-7 320 $aIncludes bibliographical references and index. 327 $aFront Cover; The Byzantine Achievement; Copyright Page; Contents; Foreword by Richard Luckett; Author's Note; Part I.-The Historical Image; Chapter I. The Historian; Chapter II. The Greeks; Chapter III. The Byzantines; Part II.-The Anatomy; Chapter IV. The Triple Fusion; Chapter V. The Imperial Chronology; Chapter VI. The Substance of the State; Chapter VII. Trade and the Bezant; Chapter VIII. The Quest of Reality; Chapter IX. Culture; Chapter X. The Joyous Life; Chapter XI. Battle for Europe; Bibliography; Index 330 $aFirst published in 1929, this highly influential study offers a historical perspective on the Byzantine Empire, from the establishment of Constantinople by Emperor Constantine around 330 AD, through to the fall of Constantinople at the hands of the Ottoman Empire in 1453 AD.Byron's work considers the empire in its entirety, assessing the highs and lows across a thousand year period. He provides insights into trade, culture, the organs of state, religion, the imperial rulers, and the battle with the Ottoman Empire, which would ultimately end in the fall of the Byzantine Empire 410 0$aRoutledge Revivals 607 $aByzantine Empire$xCivilization 607 $aByzantine Empire$xHistory 676 $a949.5/02 676 $a949.502 700 $aByron$b Robert$f1905-1941.,$0234070 801 0$bFlBoTFG 801 1$bFlBoTFG 906 $aBOOK 912 $a9910786442703321 996 $aThe Byzantine achievement$93799086 997 $aUNINA